000 00442nam a2200193Ia 4500
005 20240823050734.0
008 240823s9999||||xx |||||||||||||| ||und||
020 _a978-81-7758-548-3
041 _aENGLISH
082 _A530.12 P9
100 _aSakurai J J
245 0 _aModern Quantum Mechanics
250 _a1st
260 _c2009
_b"Pearson ,Sing"
500 _aYES
650 _aPhysics
_bPhysics
942 _cBK
999 _c217941
_d217941